[Event "AUT-chT2W 1718"]
[Site "Austria"]
[Date "2017.12.02"]
[Round "4.5"]
[White "Tabernig, Bernhard"]
[Black "Kuecher, Wolfgang"]
[Result "1-0"]
[WhiteElo "2330"]
[BlackElo "2123"]
[PlyCount "97"]
[EventDate "2017.10.13"]
[EventType "team-tourn"]
[EventRounds "11"]
[EventCountry "AUT"]
[SourceTitle "CBM 181 Extra"]
[Source "ChessBase"]
[SourceDate "2017.12.12"]
[SourceVersion "1"]
[SourceVersionDate "2017.12.12"]
[SourceQuality "1"]
[WhiteTeam "Zillertal"]
[BlackTeam "Ranshofen"]
[WhiteTeamCountry "AUT"]
[BlackTeamCountry "AUT"]

1. d4 d5 2. c4 c6 3. Nf3 Nf6 4. Nc3 dxc4 5. a4 Bf5 6. Ne5 Nbd7 7. Nxc4 Nb6 8. Ne5 a5 9. f3 Nfd7 10. Nxd7 Nxd7 11. e4 Bg6 12. Be3 Qb6 13. Qd2 e5 14. Rd1 Rd8 15. Be2 Bb4 16. dxe5 Bc5 17. Bxc5 Nxc5 18. Qxd8+ Qxd8 19. Rxd8+ Kxd8 20. 0-0 Ke7 21. Kf2 Rd8 22. Ke3 f6 23. exf6+ gxf6 24. Rd1 Rb8 25. Bc4 Nxa4 26. Nxa4 b5 27. Nc5 bxc4 28. Rd7+ Ke8 29. Rb7 Rd8 30. g4 Rd1 31. h4 h5 32. Rg7 Bf7 33. g5 fxg5 34. Rxg5 Rh1 35. Nb7 a4 36. Nd6+ Ke7 37. Nxf7 Kxf7 38. Rxh5 Rh2 39. Rc5 Rxb2 40. Rxc4 a3 41. Rxc6 a2 42. Ra6 Rh2 43. h5 Kg7 44. Kf4 Rb2 45. e5 Rh2 46. Ke4 Re2+ 47. Kf5 Rb2 48. f4 Kh7 49. e6 1-0

[Event "AUT-chT2W 1718"]
[Site "Austria"]
[Date "2017.10.14"]
[Round "2.4"]
[White "Juergens, Klaus"]
[Black "Kuecher, Wolfgang"]
[Result "1/2-1/2"]
[WhiteElo "2102"]
[BlackElo "2123"]
[PlyCount "91"]
[EventDate "2017.10.13"]
[EventType "team-tourn"]
[EventRounds "11"]
[EventCountry "AUT"]
[SourceTitle "CBM 181 Extra"]
[Source "ChessBase"]
[SourceDate "2017.12.12"]
[SourceVersion "1"]
[SourceVersionDate "2017.12.12"]
[SourceQuality "1"]
[WhiteTeam "Salzburg ASK"]
[BlackTeam "Ranshofen"]
[WhiteTeamCountry "AUT"]
[BlackTeamCountry "AUT"]

1. Nf3 g6 2. c4 Bg7 3. Nc3 c5 4. g3 Nf6 5. d4 cxd4 6. Nxd4 Nc6 7. Bg2 0-0 8. 0-0 Nxd4 9. Qxd4 d6 10. Qd3 Qc7 11. Bd2 Bd7 12. Rac1 Bc6 13. e4 Rfc8 14. Qe2 b6 15. Nd5 Bxd5 16. exd5 Qd7 17. Rfe1 Rc7 18. b3 Rac8 19. a4 Re8 20. h3 Qc8 21. Be3 Nd7 22. Qd1 Nc5 23. f4 Qf5 24. b4 Na6 25. Qb3 Rec8 26. Bf2 Kf8 27. Kh2 Rd8 28. Be4 Qc8 29. Bd3 Nb8 30. Qa2 Nd7 31. Re2 a5 32. Qd2 axb4 33. Qxb4 Nc5 34. Bxc5 bxc5 35. Qe1 Qa6 36. Ra2 Rb8 37. Rb1 Rcb7 38. Rb5 Qa8 39. Qd2 Qa6 40. Qc2 Rb6 41. Ra3 Rxb5 42. cxb5 Qa5 43. Ra2 Bd4 44. Qd2 Bc3 45. Qe2 Ra8 46. Qe4 1/2-1/2

[Event "AUT-chT2W 1617"]
[Site "Austria"]
[Date "2017.03.05"]
[Round "11.4"]
[White "Heinrici, Simon"]
[Black "Kuecher, Wolfgang"]
[Result "1-0"]
[WhiteElo "2099"]
[BlackElo "2118"]
[PlyCount "85"]
[EventDate "2016.10.28"]
[EventType "team-tourn"]
[EventRounds "11"]
[EventCountry "AUT"]
[SourceTitle "CBM 177 Extra"]
[Source "ChessBase"]
[SourceDate "2017.04.27"]
[SourceVersion "1"]
[SourceVersionDate "2017.04.27"]
[SourceQuality "1"]
[WhiteTeam "Hohenems II"]
[BlackTeam "Ranshofen"]
[WhiteTeamCountry "AUT"]
[BlackTeamCountry "AUT"]

1. e4 g6 2. d4 Bg7 3. Nc3 d6 4. f4 a6 5. Nf3 b5 6. Bd3 Bb7 7. e5 c5 8. dxc5 dxe5 9. fxe5 Qc7 10. Be4 Bxe4 11. Nxe4 Nc6 12. 0-0 Nxe5 13. Nxe5 Qxe5 14. Nd6+ exd6 15. Re1 Ne7 16. Rxe5 dxe5 17. Qe2 0-0 18. c3 Rac8 19. Be3 Nd5 20. a4 b4 21. cxb4 Nxb4 22. Qc4 a5 23. Bd2 Rb8 24. Bc3 Rfd8 25. c6 Rdc8 26. Bxb4 axb4 27. b3 Rb6 28. Rc1 Bh6 29. Qc5 Ra6 30. Rc2 Bf8 31. Qb5 Ra7 32. Qxe5 Rac7 33. Qb5 Re8 34. a5 Bh6 35. g3 Bf8 36. a6 Ree7 37. Qb8 Kg7 38. a7 Rxa7 39. c7 Rexc7 40. Rxc7 Ra1+ 41. Kg2 Ra2+ 42. Kh3 Bd6 43. Rxf7+ 1-0

[Event "AUT-chT2W 1617"]
[Site "Austria"]
[Date "2017.01.21"]
[Round "7.1"]
[White "Jedinger, Andreas"]
[Black "Kuecher, Wolfgang"]
[Result "0-1"]
[WhiteElo "2120"]
[BlackElo "2118"]
[PlyCount "164"]
[EventDate "2016.10.28"]
[EventType "team-tourn"]
[EventRounds "11"]
[EventCountry "AUT"]
[SourceTitle "CBM 177 Extra"]
[Source "ChessBase"]
[SourceDate "2017.04.27"]
[SourceVersion "1"]
[SourceVersionDate "2017.04.27"]
[SourceQuality "1"]
[WhiteTeam "Rochade Rum"]
[BlackTeam "Ranshofen"]
[WhiteTeamCountry "AUT"]
[BlackTeamCountry "AUT"]

1. e4 g6 2. d4 Bg7 3. Nc3 d6 4. Be3 a6 5. Qd2 b5 6. a4 b4 7. Nd1 a5 8. c3 Bb7 9. f3 bxc3 10. Nxc3 Nd7 11. Nh3 Ngf6 12. Bh6 0-0 13. Bxg7 Kxg7 14. Bc4 d5 15. Ba2 dxe4 16. fxe4 Nxe4 17. Nxe4 Bxe4 18. Ng5 Nf6 19. Bxf7 Qd6 20. Ba2 Bd5 21. Bxd5 Nxd5 22. Nf3 Qe6+ 23. Qe2 Qxe2+ 24. Kxe2 Rab8 25. Ra2 Nf4+ 26. Kf2 Rb3 27. Rf1 Nd3+ 28. Kg1 Rxb2 29. Rxb2 Nxb2 30. Rc1 Rc8 31. Rc5 Nxa4 32. Rxa5 Nb6 33. Rc5 h6 34. Kf2 e6 35. Ke2 Nd5 36. Ne5 Rb8 37. Rc6 Rb2+ 38. Kf3 Rb3+ 39. Kf2 Rb6 40. Rc2 Rb4 41. Nc6 Rb6 42. Ne5 Ra6 43. h3 g5 44. Kg1 Ra4 45. Nc6 Kg6 46. Kh2 Kf5 47. Rf2+ Ke4 48. Re2+ Ne3 49. Kg3 Rc4 50. Nd8 Kxd4 51. Nxe6+ Kd3 52. Ra2 Nf5+ 53. Kh2 c6 54. Nd8 Rc3 55. Nf7 c5 56. Rf2 Ke4 57. g4 Nd4 58. Nxh6 Rc2 59. Rxc2 Nxc2 60. Nf5 Nd4 61. Nd6+ Kf4 62. Kg2 Nc6 63. Kf2 Ne5 64. Nb5 c4 65. Nd4 Ke4 66. Ne6 Nf7 67. Ke2 Ke5 68. Nc7 Ke4 69. Ne6 Ke5 70. Nc7 Ke4 71. Nb5 Ne5 72. Nc3+ Kf4 73. Kf2 Nd3+ 74. Kg2 Ke3 75. Kg3 Nf4 76. h4 Ne2+ 77. Nxe2 gxh4+ 78. Kxh4 Kxe2 79. g5 c3 80. g6 c2 81. g7 c1Q 82. g8Q Qh1+ 0-1

[Event "Landesliga Sued 1617"]
[Site "Bayern"]
[Date "2017.01.15"]
[Round "4.2"]
[White "Kuecher, Wolfgang"]
[Black "Delchev, Aleksander"]
[Result "0-1"]
[WhiteElo "2143"]
[BlackElo "2577"]
[PlyCount "78"]
[EventDate "2016.10.16"]
[EventType "team-tourn"]
[EventRounds "9"]
[EventCountry "GER"]
[SourceTitle "EXT 2019"]
[Source "ChessBase"]
[SourceDate "2018.10.10"]
[SourceVersion "1"]
[SourceVersionDate "2018.10.10"]
[SourceQuality "1"]
[WhiteTeam "Rottal"]
[BlackTeam "Deggendorf"]
[WhiteTeamCountry "GER"]
[BlackTeamCountry "GER"]

1. d4 Nf6 2. Nf3 d5 3. c4 e6 4. e3 a6 5. Nbd2 c5 6. Be2 Nc6 7. 0-0 cxd4 8. exd4 g6 9. b3 Bg7 10. Bb2 0-0 11. Ne5 Bd7 12. Nxc6 Bxc6 13. c5 Ne4 14. Qc2 Qd7 15. Bd3 Nxd2 16. Qxd2 a5 17. Qe2 b6 18. a3 Rfb8 19. b4 bxc5 20. dxc5 axb4 21. Bxg7 Kxg7 22. Qb2+ d4 23. axb4 Qd5 24. f3 Qxc5 25. Rac1 Qb6 26. Rxc6 Qxc6 27. Qxd4+ e5 28. Qxe5+ Qf6 29. Qxf6+ Kxf6 30. Rb1 Rd8 31. Be4 Ra2 32. b5 Rdd2 33. f4 Rab2 34. Rxb2 Rxb2 35. Bc6 Kf5 36. g3 Kg4 37. Bd5 Rxb5 38. Bc4 Rb1+ 39. Kf2 Rb2+ 0-1